| 000 | 00429nam a2200145 i 4500 | ||
|---|---|---|---|
| 001 | 85552 | ||
| 003 | ES-MaACL | ||
| 007 | t| | ||
| 008 | 041129s1905 sp ||||1| spa d | ||
| 100 | 1 |
_aJust Lloret, Julio. _967346 |
|
| 245 | 1 | 0 |
_aHambre y vergüenza _b: (pintura sociológica) / _cJulio Just Lloret. |
| 260 |
_aBarcelona : _b[s.n., _c1905] ( _fImp. de Ramón Pujol) |
||
| 300 |
_a139 p. ; _c19 cm. |
||
| 852 |
_aES-MaACL _jG-13505 |
||
| 999 |
_c85552 _d85552 |
||